Guide to natural gas cogeneration /

Bibliographic Details
Other Authors: Hay, Nelson E.
Format: Book
Language:English
Published: Lilburn, GA : Fairmont Press ; [1988]
Subjects:

MARC

Tag First Indicator Second Indicator Subfields
LEADER 00000cam a2200000 a 4500
001 in00000035185
005 20151007055323.0
008 870915s1988 gaua b 00100 eng
010 |a  86046133  
020 |a 0881730416 :  |c $68.00 
035 |a (OCoLC)16805546 
035 |9 AAB7891AM 
040 |a DLC  |c DLC  |d TXA  |d UtOrBLW 
049 |a TXAM  |c [A11507282] 
050 0 0 |a TK1061  |b .G85 1988 
082 0 |a 621.1/9  |2 19 
245 0 0 |a Guide to natural gas cogeneration /  |c Nelson E. Hay, editor. 
264 1 |a Lilburn, GA :  |b Fairmont Press ;  |c [1988] 
264 2 |a Englewood Cliffs, NJ :  |b Distributed by Prentice Hall, 
264 4 |c ©1988 
300 |a xii, 529 pages :  |b illustrations ;  |c 23 cm. 
336 |a text  |b txt  |2 rdacontent 
337 |a unmediated  |b n  |2 rdamedia 
338 |a volume  |b nc  |2 rdacarrier 
504 |a Includes bibliographies and index. 
650 0 |a Cogeneration of electric power and heat. 
650 0 |a Natural gas. 
700 1 |a Hay, Nelson E. 
999 |a MARS 
999 f f |s e90789be-a622-3444-8161-422f90cfc8bf  |i 7f5ef007-4967-36b7-b18b-ce3b277aacdd  |t 0 
952 f f |p ric  |a Texas A&M University  |b Rellis Campus  |c Joint Library Facility  |d Remote Storage  |t 0  |e TK1061 .G85 1988  |h Library of Congress classification  |i unmediated -- volume  |m A14811507282 
998 f f |a TK1061 .G85 1988  |t 0  |l Remote Storage